000 01115cam a2200289 a 4500
001 15250716
003 OSt
005 20140310182458.0
008 080407s2009 njua 001 0 eng
010 _a 2008015297
020 _a9780135133958
020 _a0135133955
035 _a(OCoLC)221961208
040 _aDLC
_cDLC
_dYDX
_dBAKER
_dBTCTA
_dYDXCP
_dDLC
050 0 0 _aR 123
_b.W527 2009
100 1 _aWingerd, Bruce D.
_98538
245 1 0 _aMedical terminology complete! /
_cBruce Wingerd.
260 _aUpper Saddle River, N.J. :
_bPearson,
_cc2009.
300 _a500 p. :
_bcol. ill. ;
_c28 cm.
_e1 CD-ROM (4 3/4 in.)
500 _aIncludes bibliographical references and index.
650 0 _aMedicine
_xTerminology
_vProgrammed instruction.
_98539
856 4 1 _3Table of contents only
_uhttp://www.loc.gov/catdir/toc/ecip0815/2008015297.html
906 _a7
_bcbc
_corignew
_d1
_eecip
_f20
_gy-gencatlg
942 _2lcc
_cSSLC
999 _c13777
_d13777